[Event "Hammersmith CC op U1500"]
[Site "London"]
[Date "2022.06.04"]
[Round "2"]
[White "Mather, Jonathan"]
[Black "Yang, Rachel"]
[Result "0-1"]
[WhiteElo "1434"]
[BlackElo "1154"]
[PlyCount "88"]
[EventDate "2022.06.04"]
[EventType "swiss"]
[EventRounds "5"]
[EventCountry "ENG"]
[SourceTitle "CBM 208 Extra"]
[Source "ChessBase"]
[SourceDate "2022.07.31"]
[SourceVersion "1"]
[SourceVersionDate "2022.07.31"]
[SourceQuality "1"]

1. e4 c5 2. Nf3 e6 3. d4 cxd4 4. Qxd4 Nc6 5. Qe3 Nf6 6. Be2 Bb4+ 7. c3 Ba5 8. 0-0 0-0 9. Rd1 d5 10. e5 Nd7 11. Na3 f6 12. exf6 Nxf6 13. c4 Bb6 14. Nd4 Nxd4 15. Rxd4 Bxd4 16. Qxd4 dxc4 17. Qxc4 Nd5 18. f3 Qb6+ 19. Kh1 Bd7 20. Bd3 Qa5 21. Bg5 h6 22. Bh4 Rf4 23. Be1 Rxc4 24. Bxa5 Rc5 25. b4 Rc3 26. Bb5 Bxb5 27. Nxb5 Rc6 28. Nd4 Rd6 29. b5 b6 30. Be1 Ne3 31. Bc3 Rc8 32. Nc6 Rd7 33. Kg1 Ra8 34. Kf2 Nd1+ 35. Rxd1 Rxd1 36. Ke2 Rc1 37. Kd2 Rg1 38. g4 Rg2+ 39. Ke3 Rxa2 40. h4 Ra3 41. Kd4 Rb3 42. Kc4 Rb1 43. Ne7+ Kf7 44. Bb4 Rxb4+ 0-1